De San Blas hasta la Alta California. Los viajes y diarios de Juan Joseph Pérez Hernández
Guardat en:
| Autor principal: | |
|---|---|
| Format: | Llibre |
| Idioma: | espanyol |
| Publicat: |
Ciudad de México
Universidad Nacional Autónoma de México
2006
|
| Edició: | 1a. ed |
| Matèries: | |
| Etiquetes: |
Afegir etiqueta
Sense etiquetes, Sigues el primer a etiquetar aquest registre!
|
MARC
| LEADER | 00000nam a2200000 a 4500 | ||
|---|---|---|---|
| 001 | UCG2744 | ||
| 003 | CL-VaPUC | ||
| 008 | 100723e20061200MX |||||||||||||||||spa|d | ||
| 020 | |a 9703234747 | ||
| 082 | 0 | 4 | |a 910.4 |b ROD |2 21 |
| 100 | 0 | |a Rodríguez-Sala, María Luisa |e author |9 551327 | |
| 245 | 1 | 0 | |a De San Blas hasta la Alta California. Los viajes y diarios de Juan Joseph Pérez Hernández |
| 250 | |a 1a. ed | ||
| 300 | |a 294 p | ||
| 942 | |c BK | ||
| 945 | |d 20100723 00:00:00 |a mfarfan | ||
| 260 | |a Ciudad de México |b Universidad Nacional Autónoma de México |c 2006 | ||
| 650 | 0 | |a Viajes |9 257115 | |
| 650 | 0 | |a Descubrimientos geográficos |9 331933 | |
| 650 | 7 | |a DOCUMENTOS |2 CL-VaPUC |9 366450 | |
| 650 | 7 | |a BITACORA |2 CL-VaPUC |9 371736 | |
| 650 | 7 | |a DIARIO |2 CL-VaPUC |9 441581 | |
| 651 | 0 | |a México |9 255269 | |
| 583 | |a last modification |c 20100723 00:00:00 |k Rodrigo Vera | ||
| 999 | |c 341870 |d 341868 | ||
| 952 | |0 0 |1 0 |4 0 |6 910_400000000000000_ROD_2006 |7 0 |8 A |9 437672 |a BIBHIS |b BIBHIS |d 2019-11-22 |i 4697731 |o 910.4 ROD 2006 |p 4697731 |r 2025-01-20 |w 2019-11-22 |y BK |k HIS | ||
| 952 | |0 0 |1 0 |4 0 |6 910_400000000000000_ROD_2006 |7 0 |8 A |9 437673 |a BIBHIS |b BIBHIS |d 2019-11-22 |i 4697782 |o 910.4 ROD 2006 |p 4697782 |r 2025-01-20 |w 2019-11-22 |y BK |k HIS | ||